Decorating sweaters with duplicate stitch : 60 georgeous designs one easy embroidery technique

Bibliographic Details
Main Author: Theiss, Nola
Format: Book
Published: New York : Sterling Publishing , 1995
Subjects:

MARC

LEADER 00000cam a2200000 7i4500
001 0000007362
002 000007918
005 20000330.0
020 |a 0806908114 
090 0 0 |a 746.92   |b THE 
100 1 |a Theiss, Nola 
245 1 0 |a Decorating sweaters with duplicate stitch :   |b 60 georgeous designs one easy embroidery technique 
260 |a New York :   |b Sterling Publishing ,   |c 1995 
300 |a 128 p. :   |b ill. ;   |c 28 cm. 
650 0 0 |a Embroidery   |x Patterns 
650 0 0 |a Sweaters 
999 |a 051949   |b BUKU   |c PINJAMAN   |e PERPUSTAKAAN KOMUNITI PETALING JAYA